Famous Initalled People - Statistics

General Stats
  • This quiz has been taken 31 times
  • The average score is 7 of 10
Answer Stats
Hint Answer % Correct
Orenthal James Simpson
96%
Thomas Stearnes Eliot
89%
Alan Alexander Milne
89%
Herbert George Wells
89%
David Herbert Lawrence
86%
William Claude Fields
75%
John Ronald Reuel Tolkein
61%
Fredrick Willem De Klerk
46%
Wystan Hugh Auden
43%
John Boynton Priestley
21%
No matching quizzes found
Score Distribution
Percent of People with Each Score
Percentile by Number Answered
Your Score History
You have not taken this quiz